00581nam a22001697a 4500008004100000020001800041050002300059100002000082245008600102260004500188300003100233500001900264504003800283650001900321650003000340650004100370190516b xxu||||| |||| 00| 0 eng d a9789966792532 aGR 350b.K4M3 2015 aWasamba, Peter. aContemporary oral literature fieldwork :b a reseacher's guide /c Peter Wasamba. aNairobi :bUniversity of Nairobi,c2015. axxi,300p. :bill. ;c21cm. ainclude index. ainclude bibliographic references. aOral tradition aFolk literature, African. aFolk literaturevStudy and teaching.